000
00399nam a2200145Ia 4500
008
100122s9999 xx 000 0 und d
082
_b
23497
_a
49
100
_a
टिळक ज श्री
245
_a
अशी ही दिल्ली
260
_c
1966
300
_a
50
630
_a
अशी ही दिल्ली
730
_a
अशी ही दिल्ली
942
_c
BOOK
999
_c
411096
_d
411093